Drilling records for oil and gas in Utah, January 1, 1954-December 31,1963 / (Record no. 30063)

MARC details
000 -LEADER
fixed length control field 01109cam a22003131 4500
001 - CONTROL NUMBER
control field gs 65000295
003 - CONTROL NUMBER IDENTIFIER
control field DLC
005 - DATE AND TIME OF LATEST TRANSACTION
control field 20260227111417.0
008 - FIXED-LENGTH DATA ELEMENTS--GENERAL INFORMATION
fixed length control field 880829s1965 utuab 000 0 eng
010 ## - LIBRARY OF CONGRESS CONTROL NUMBER
LC control number gs 65000295
035 ## - SYSTEM CONTROL NUMBER
System control number (OCoLC)20469393
040 ## - CATALOGING SOURCE
Original cataloging agency DLC
Transcribing agency UPB
Modifying agency U
-- DLC
042 ## - AUTHENTICATION CODE
Authentication code premarc
043 ## - GEOGRAPHIC AREA CODE
Geographic area code n-us-ut
050 00 - LIBRARY OF CONGRESS CALL NUMBER
Classification number QE169
Item number .A3 no. 74
086 0# - GOVERNMENT DOCUMENT CLASSIFICATION NUMBER
Classification number N 3300.71: Bul/74
Number source utdocs
245 10 - TITLE STATEMENT
Title Drilling records for oil and gas in Utah, January 1, 1954-December 31,1963 /
Statement of responsibility, etc. Compiled by Edgar B. Heylmun, Robert E. Cohenour [and] Robert B. Kayser.
260 ## - PUBLICATION, DISTRIBUTION, ETC.
Place of publication, distribution, etc. Salt Lake City :
Name of publisher, distributor, etc. Utah Geological and Mineralogical Survey,
Date of publication, distribution, etc. 1965.
300 ## - PHYSICAL DESCRIPTION
Extent 518 p. :
Other physical details ill., maps ;
Dimensions 23 cm.
490 1# - SERIES STATEMENT
Series statement Bulletin / Utah Geological and Mineral Survey ;
Volume/sequential designation 74
650 #0 - SUBJECT ADDED ENTRY--TOPICAL TERM
Topical term or geographic name entry element Borings
Geographic subdivision Utah.
650 #0 - SUBJECT ADDED ENTRY--TOPICAL TERM
Topical term or geographic name entry element Petroleum
Geographic subdivision Utah.
650 #0 - SUBJECT ADDED ENTRY--TOPICAL TERM
Topical term or geographic name entry element Natural gas
Geographic subdivision Utah.
700 1# - ADDED ENTRY--PERSONAL NAME
Personal name Heylmun, Edgar B.
Fuller form of name (Edgar Baldwin)
700 1# - ADDED ENTRY--PERSONAL NAME
Personal name Cohenour, Robert E.
700 1# - ADDED ENTRY--PERSONAL NAME
Personal name Kayser, Robert B.
710 1# - ADDED ENTRY--CORPORATE NAME
Corporate name or jurisdiction name as entry element Utah.
Subordinate unit Oil and Gas Conservation Commission.
830 #0 - SERIES ADDED ENTRY--UNIFORM TITLE
Uniform title Bulletin (Utah Geological and Mineral Survey) ;
Volume/sequential designation 74

No items available.

Powered by Koha